00788nam a2200193 i 450000100060000000300090000600500170001500700030003200800410003510000300007624500830010626000580018930000220024750000820026971000720035185200320042399900170045595201220047220774ES-MaACL20250807063205.0t|021118s1968 sp ||||1| spa d1 aAisa Garin, Carlos91899213aEl concepto de Ius singulare en Derecho romano / cautore carolo Aisa Garín. aJaca : b[s.n., c1968] (eZaragoza : fEl Noticiero) a128 p. ; c24 cm. aPrecede al tít.: Pontificia Univeritas Gregoriana. Facultas Iuris Canonici.2 aPontificia Universitas Gregoriana. bFacultas Iuris Canonici.96236 aES-MaACLjC-45529 bR.66954 c20774d20774 00104070aATENEOMbATENEOMcDEPO2d2008-01-17eSCl0oC-45529p1021334r2023-02-23 00:00:00w2023-02-23yMONOGRAFIA